Don't get left out in the cold (Record no. 84451)

MARC details
000 -LEADER
fixed length control field 00811cab a22002175a 4500
001 - CONTROL NUMBER
control field L157751
008 - FIXED-LENGTH DATA ELEMENTS--GENERAL INFORMATION
fixed length control field 130426e20130420xxk 000 0 eng d
035 ## - SYSTEM CONTROL NUMBER
System control number (Sirsi) u157751
041 0# - LANGUAGE CODE
Language code of text/sound track or separate title eng
100 1# - MAIN ENTRY--PERSONAL NAME
Personal name Johnston, Bryan
245 00 - TITLE STATEMENT
Title Don't get left out in the cold
260 ## - PUBLICATION, DISTRIBUTION, ETC.
Date of publication, distribution, etc. 2013
490 ## - SERIES STATEMENT
Series statement Estates Gazette
Volume/sequential designation (1316) 20 April 2013, 98-100(3)
520 ## - SUMMARY, ETC.
Summary, etc. Explains that property owners need to act quickly to prepare for the ban on the environmentally unfriendly hydrochlorofluorocarbon refridgerant R22 which is used in heat pump refridgerant and air conditioning systems. Use of recycled R22 will be banned from 1 January 2015.
590 ## - LOCAL NOTE (RLIN)
Local note KA
651 #4 - SUBJECT ADDED ENTRY--GEOGRAPHIC NAME
Geographic name United Kingdom
690 ## - LOCAL SUBJECT ADDED ENTRY--TOPICAL TERM (OCLC, RLIN)
Topical term or geographic name as entry element Property management
9 (RLIN) 6262
690 ## - LOCAL SUBJECT ADDED ENTRY--TOPICAL TERM (OCLC, RLIN)
Topical term or geographic name as entry element Environment
9 (RLIN) 6238
700 1# - ADDED ENTRY--PERSONAL NAME
Personal name Coxall, Michael
942 ## - ADDED ENTRY ELEMENTS (KOHA)
Suppress in OPAC 0
Holdings
Withdrawn status Lost status Source of classification or shelving scheme Damaged status Not for loan Home library Current library Shelving location Date acquired Total Checkouts Full call number Barcode Date last seen Copy number Price effective from Koha item type
    Dewey Decimal Classification     London London Journal article 26/04/2013   L157751 157751-1001 06/08/2019 1 06/08/2019 Journal article